00662nam a2200181Ia 4500003000900000008004100009040001600050080001800066100002000084245017500104260007100279300002300350650001900373650002800392650002300420700001900443700001800462IN-BaIIA211028s9999 xx 000 0 eng d cIIA Library a084.4:52bFEH aFehrenbach, Ch. 0aLarge magellanic cloudblist of LMC members and list of galactic stars-Lists of smithsonian chartscFehrenbach, Ch...[et al.]  aEuropean Southern ObservatorybEuropean Southern Observatoryc1970 a[various pagings.] aGalactic Stars aLarge Magellanic Clouds aSmithsonian Charts aDuflot, Mme M. aPetit, Mme M.